Natak aru abhinoy prasanga (Record no. 2568)

MARC details
000 -LEADER
fixed length control field 00468cam a2200181ua 4500
008 - FIXED-LENGTH DATA ELEMENTS--GENERAL INFORMATION
fixed length control field 110908n ii |||gr||||Z||||||asm
040 ## - CATALOGING SOURCE
Transcribing agency MAIN
082 ## - DEWEY DECIMAL CLASSIFICATION NUMBER
Classification number 891.4512
100 ## - MAIN ENTRY--PERSONAL NAME
Personal name Baruah, Satya Prasad,
Relator term
245 11 - TITLE STATEMENT
Title Natak aru abhinoy prasanga
Statement of responsibility, etc. by Satya Prasad Baruah
250 ## - EDITION STATEMENT
Edition statement 3rd.
260 ## - PUBLICATION, DISTRIBUTION, ETC.
Place of publication, distribution, etc. Guahati:
Name of publisher, distributor, etc. Granthapeeth,983.
300 ## - PHYSICAL DESCRIPTION
Extent 290p:
Dimensions 23cm.
942 ## - ADDED ENTRY ELEMENTS (KOHA)
Koha item type Books
653 ## - INDEX TERM--UNCONTROLLED
Uncontrolled term Assamese drama
653 ## - INDEX TERM--UNCONTROLLED
Uncontrolled term Natak aru abhinoy prasanga
Holdings
Withdrawn status Lost status Damaged status Not for loan Home library Current library Shelving location Date acquired Total Checkouts Full call number Barcode Date last seen Copy number Price effective from Koha item type Date last checked out
        Central Library, Naharkatiya College Central Library, Naharkatiya College General Stacks 19/09/2020   891.4512 | BAR 8604 19/09/2020 3 19/09/2020 Books  
        Central Library, Naharkatiya College Central Library, Naharkatiya College General Stacks 19/09/2020   891.4512 | BAR 8605 19/09/2020 1 19/09/2020 Books  
        Central Library, Naharkatiya College Central Library, Naharkatiya College General Stacks 19/09/2020   891.4512 | BAR 8606 19/09/2020 4 19/09/2020 Books  
        Central Library, Naharkatiya College Central Library, Naharkatiya College General Stacks 19/09/2020 1 891.4512 | BAR 8635 22/10/2024 2 19/09/2020 Books 21/10/2024

Naharkatiya College © 2020. All rights reserved.

Powered By